Literary Siblings Quiz Stats

Quiz Updated Mar 24, 2016

Challenge
Share
Tweet
Embed
Score 0/42 Timer 06:00
0 Plays Today
% Correct
Ron
94%
Ginny
90.5%
Wendy
89.6%
Fred
88.9%
George
88.6%
Percy
85.6%
Scout
85.4%
Bill
82.2%
Peter
81%
Scarlett
80.3%
Charlie
80.1%
Jo
79.4%
Meg
78.8%
Ophelia
78.8%
Elizabeth
78.7%
Edmund
78.2%
Lucy
77.8%
Beth
77.7%
Susan
77.3%
Holden
76.7%
John
75.2%
% Correct
Jem
74.9%
Dmitri
74.6%
Alexei
73.3%
Jane
73.2%
Amy
72.6%
Michael
72.5%
Catherine
70.5%
Mary
69.9%
Ivan
67.2%
Laertes
66.4%
Cordelia
62.3%
Lydia
60.9%
Goneril
54.9%
Regan
47.5%
Celie
45.9%
Phoebe
43.1%
Nettie
40.8%
D.B.
39.4%
Suellen
34%
Allie
32.9%
Carreen
32.1%

You're not logged in!

Compare scores with friends on all Sporcle quizzes.
Join for Free
OR
Log In

You Might Also Like...

Show Comments

Extras

Top Quizzes Today


Score Distribution

Your Account Isn't Verified!

In order to create a playlist on Sporcle, you need to verify the email address you used during registration. Go to your Sporcle Settings to finish the process.

Report this User

Report this user for behavior that violates our Community Guidelines.

Details: